Propuesta de renovación urbana de los Barrios Sajonia y Santo Domingo de la Ciudad de Managua
Presenta propuesta de renovación urbana de los Barrios Sajonia y Santo Domingo de la Ciudad de Managua, en el cual implica el mejoramiento mediante el fortalecimiento de las áreas consolidadas y reconstrucción de lo que se encuentra en estado de deterioro por medio de la recuperación para proyec...
| Main Authors: | , |
|---|---|
| Other Authors: | |
| Format: | Tesis Section = Libro |
| Language: | Undetermined Spanish |
| Published: |
Managua
UNI
2015
|
| Subjects: |
| LEADER | 01334nam a2200301Ia 4500 | ||
|---|---|---|---|
| 008 | 240830s9999 xx 000 0 und d | ||
| 040 | |a BIBLIOTECA-RUSB/ Mon 711.4 M228 | ||
| 041 | |a spa | ||
| 082 | |a Mon 711.4 M228 | ||
| 100 | 1 | |a Mairena, Rebecca Sadai | |
| 100 | 1 | |b Rodríguez R., Emely Bruyel | |
| 245 | 1 | 0 | |a Propuesta de renovación urbana de los Barrios Sajonia y Santo Domingo de la Ciudad de Managua |
| 260 | |a Managua |b UNI |c 2015 | ||
| 300 | |a 154 p. :il. | ||
| 500 | |a Contiene: anexos e Incluye: CD. | ||
| 502 | |a Tesis (Arquitecto) - UNI, 2015. | ||
| 520 | 3 | |a Presenta propuesta de renovación urbana de los Barrios Sajonia y Santo Domingo de la Ciudad de Managua, en el cual implica el mejoramiento mediante el fortalecimiento de las áreas consolidadas y reconstrucción de lo que se encuentra en estado de deterioro por medio de la recuperación para proyectar una imagen urbana que refleja armonía entre los espacios y actividades que se realicen. | |
| 650 | 7 | |a PLANIFICACION URBANA | |
| 650 | 7 | |b DESARROLLO URBANO-REGLAMENTO | |
| 650 | 7 | |c URBANISMO | |
| 650 | 7 | |d USO DEL SUELO | |
| 650 | 7 | |e REORDENAMIENTO URBANO | |
| 650 | 7 | |f DISEÑO ARQUITECTONICO | |
| 650 | 7 | |g ARQUITECTURA-DISEÑOS Y PLANOS | |
| 700 | 1 | |a Tutor: |b Pentzke Chamorro, Gerald | |
| 942 | |c BK |2 ddc | ||
| 991 | |a TESIS | ||
| 999 | |c 20928 | ||